Top 5 Foreign Goalscorers In Major Soccer Leagues - Statistics

General Stats
  • This quiz has been taken 40 times
  • The average score is 7 of 25
Answer Stats
League Answer % Correct
La Liga(419) Lionel Messi
89%
La Liga(311) Cristiano Ronaldo
86%
Premier League(175) Thierry Henry
77%
Bundesliga(185) Robert Lewandowski
66%
Premier League(165) Sergio Aguero
60%
La Liga(162) Samuel Eto'o
37%
Premier League(144) Robin Van Persie
34%
La Liga(227) Alfredo Di Stefano
29%
La Liga(234) Hugo Sanchez
26%
Bundesliga(133) Giovane Elber
20%
Premier League(127) Jimmy Floyd Hasselbaink
20%
Bundesliga(193) Claudio Pizarro
17%
Serie A(153) Hernan Crespo
17%
Serie A(183) Gabriel Batistuta
14%
Premier League(126) Robbie Keane
14%
Lique 1(179) Gunnar Andersson
11%
Serie A(224) Gunnar Nordahl
11%
Lique 1(141) Pauleta
11%
Bundesliga(106) Ailton
6%
Lique 1(179) Carlos Bianchi
3%
Lique 1(299) Delio Onnis
3%
Bundesliga(114) Vedad Ibisevic
3%
Serie A(188) Kurt Hamrin
0%
Serie A(154) Luis Vinicio
0%
Lique 1(210) Roger Courtois
0%
No matching quizzes found
Score Distribution
Percent of People with Each Score
Percentile by Number Answered
Your Score History
You have not taken this quiz